La "morte vivante" (Record no. 78634)

MARC details
000 -LEADER
campo de control de longitud fija 00640nam a2200193 i 4500
001 - NÚMERO DE CONTROL
campo de control 78634
003 - IDENTIFICADOR DE NÚMERO DE CONTROL
campo de control ES-MaACL
005 - FECHA Y HORA DE LA ÚLTIMA TRANSACCIÓN
campo de control 20230906173753.0
007 - CAMPO FIJO DE DESCRIPCIÓN FÍSICA--INFORMACIÓN GENERAL
campo de control de longitud fija t|
008 - DATOS DE LONGITUD FIJA--INFORMACIÓN GENERAL
campo de control de longitud fija 041015s1933 fr ||||1| fre d
100 1# - ENTRADA PRINCIPAL--NOMBRE DE PERSONA
Nombre de persona Hauvette, Henri.
9 (RLIN) 62136
245 14 - MENCIÓN DEL TÍTULO
Título La "morte vivante"
Resto del título : étude de litterature comparée /
Mención de responsabilidad, etc. Henri Hauvette.
260 ## - PUBLICACIÓN, DISTRIBUCIÓN, ETC.
Lugar de publicación, distribución, etc. Paris :
Nombre del editor, distribuidor, etc. Boivin,
Fecha de publicación, distribución, etc. 1933 (
Fabricante Société Français d'Imprimerie)
300 ## - DESCRIPCIÓN FÍSICA
Extensión VI, 216 p. ;
Dimensiones 20 cm.
490 1# - MENCIÓN DE SERIE
Mención de serie Bibliotheque de la Revue de Cours et Conferences
830 0# - PUNTO DE ACCESO ADICIONAL DE SERIE-TÍTULO UNIFORME
Título uniforme Bibliotheque de la Revue de Cours et Conferences
9 (RLIN) 231404
852 ## - LOCALIZACIÓN
Ubicación ES-MaACL
Número de control de estantería A-2741
Holdings
Estatus retirado Estado de pérdida Estado de daño No para préstamo Biblioteca de origen Biblioteca actual Ubicación en estantería Fecha de adquisición Fuente de adquisición Total de préstamos Signatura topográfica completa Código de barras Visto por última vez Precio de reemplazo Tipo de ítem Koha
        Biblioteca del Ateneo de Madrid Biblioteca del Ateneo de Madrid Sala Pecera Planta 1 17/01/2008     A-2741 1082244 23/02/2023 23/02/2023 Libro impreso